| 000 | 00593cam a2200217 4500500 | ||
|---|---|---|---|
| 005 | 20260405003728.0 | ||
| 041 | _afre | ||
| 042 | _adc | ||
| 100 | 1 | 0 |
_aOrtoli, Sven _eauthor |
| 245 | 0 | 0 | _aMoustiques… et tac ! |
| 260 | _c2023. | ||
| 500 | _a42 | ||
| 690 | _aInsecte | ||
| 690 | _aMaladie | ||
| 690 | _aMort | ||
| 690 | _aMoustique | ||
| 690 | _aSang | ||
| 690 | _aSven Ortoli | ||
| 786 | 0 | _nPhilosophie magazine | 171 | 8 | 2023-07-01 | p. 17-17 | 1951-1787 | |
| 856 | 4 | 1 | _uhttps://shs.cairn.info/magazine-philosophie-magazine-2023-8-page-17?lang=fr&redirect-ssocas=7080 |
| 999 |
_c2070264 _d2070264 |
||